<?xml version="1.0" encoding="UTF-8"?>
<record
    xmlns:xsi="http://www.w3.org/2001/XMLSchema-instance"
    xsi:schemaLocation="http://www.loc.gov/MARC21/slim http://www.loc.gov/standards/marcxml/schema/MARC21slim.xsd"
    xmlns="http://www.loc.gov/MARC21/slim">

  <leader>01251njm a22002537a 4500</leader>
  <controlfield tag="005">20100909101331.0</controlfield>
  <controlfield tag="007">sd ammalaaahaa</controlfield>
  <controlfield tag="008">100909t        xxu||||| |||| 00| 0 hin d</controlfield>
  <datafield tag="028" ind1=" " ind2=" ">
    <subfield code="a">N. 54916</subfield>
    <subfield code="b">His Master's Voice</subfield>
  </datafield>
  <datafield tag="035" ind1=" " ind2=" ">
    <subfield code="a">GR-01455</subfield>
  </datafield>
  <datafield tag="040" ind1=" " ind2=" ">
    <subfield code="a">SED/VEN</subfield>
  </datafield>
  <datafield tag="100" ind1=" " ind2=" ">
    <subfield code="a">Mohd. Rafi</subfield>
    <subfield code="9">19035</subfield>
  </datafield>
  <datafield tag="245" ind1=" " ind2=" ">
    <subfield code="a">Jab jab phool khile  :</subfield>
    <subfield code="b">hindustani /</subfield>
    <subfield code="c">by Mohd. Rafi [and] Lata Mangeshkar ; music Kalyanji Anandji ; lyric Anand Bakshi</subfield>
    <subfield code="h">[sound recording] :</subfield>
  </datafield>
  <datafield tag="246" ind1=" " ind2=" ">
    <subfield code="a">&#x91C;&#x92C; &#x91C;&#x92C; &#x92B;&#x942;&#x932; &#x916;&#x93F;&#x932;&#x947; (&#x92E;&#x94B;&#x939;&#x92E;&#x926;. &#x930;&#x92B;&#x93C;&#x940; &#x914;&#x930; &#x932;&#x924;&#x93E; &#x92E;&#x902;&#x917;&#x947;&#x936;&#x915;&#x930;)</subfield>
  </datafield>
  <datafield tag="260" ind1=" " ind2=" ">
    <subfield code="a">Dum Dum, India</subfield>
    <subfield code="b">His Master's Voice</subfield>
    <subfield code="c">1965</subfield>
  </datafield>
  <datafield tag="300" ind1=" " ind2=" ">
    <subfield code="a">1 sound record [Gramohpone record] :</subfield>
    <subfield code="b">analog, 33. 1/3 rpm</subfield>
    <subfield code="c">10 in.</subfield>
    <subfield code="f">Gramohpone record</subfield>
  </datafield>
  <datafield tag="500" ind1=" " ind2=" ">
    <subfield code="a">Brief record.</subfield>
  </datafield>
  <datafield tag="505" ind1=" " ind2=" ">
    <subfield code="a">Pardesiyo se na aankhia (Mohd. Rafi) &#x92A;&#x930;&#x926;&#x947;&#x938;&#x940;&#x92F;&#x94B; &#x938;&#x947; &#x928; &#x905;&#x901;&#x916;&#x93F;&#x92F;&#x93E; &#x92D;&#x93E;&#x917; &#x967; , Main jo chali hindosta se (Lata Mangashkar)  &#x92E;&#x948;&#x902; &#x91C;&#x94B; &#x91A;&#x932;&#x940; &#x939;&#x93F;&#x902;&#x926;&#x94B;&#x938;&#x94D;&#x924;&#x93E; &#x938;&#x947; &#x92D;&#x93E;&#x917; &#x968;   </subfield>
    <subfield code="g"> </subfield>
  </datafield>
  <datafield tag="650" ind1=" " ind2=" ">
    <subfield code="a">Classical Music</subfield>
    <subfield code="x">Excerpts</subfield>
    <subfield code="z">India</subfield>
    <subfield code="9">19036</subfield>
  </datafield>
  <datafield tag="700" ind1=" " ind2=" ">
    <subfield code="a">Kalyanji Anandji </subfield>
    <subfield code="9">19051</subfield>
  </datafield>
  <datafield tag="700" ind1=" " ind2=" ">
    <subfield code="a">Bakshi, Anand</subfield>
    <subfield code="9">19225</subfield>
  </datafield>
  <datafield tag="942" ind1=" " ind2=" ">
    <subfield code="2">ddc</subfield>
    <subfield code="c">GR</subfield>
  </datafield>
  <datafield tag="999" ind1=" " ind2=" ">
    <subfield code="c">44897</subfield>
    <subfield code="d">44897</subfield>
  </datafield>
  <datafield tag="952" ind1=" " ind2=" ">
    <subfield code="0">0</subfield>
    <subfield code="1">0</subfield>
    <subfield code="2">ddc</subfield>
    <subfield code="4">0</subfield>
    <subfield code="7">1</subfield>
    <subfield code="a">L</subfield>
    <subfield code="b">L</subfield>
    <subfield code="d">2010-09-09</subfield>
    <subfield code="e">SED/VEN</subfield>
    <subfield code="l">0</subfield>
    <subfield code="p">GR-01455</subfield>
    <subfield code="r">2010-09-09 00:00:00</subfield>
    <subfield code="t">1</subfield>
    <subfield code="w">2010-09-09</subfield>
    <subfield code="y">GR</subfield>
  </datafield>
</record>
